000 01879nam a22002537a 4500
001 114027
003 DR-UNIBE
005 20250807112047.0
008 250807b2025 dr ||||| |||| 00| 0 spa d
020 _a9789945945331
040 _aBIBLIOTECA UNIBE
_cBIBLIOTECA UNIBE
_erda
041 _aspa
082 _aRD 972.93 B333h
100 1 _aBatista Lemaire, Olivier
_eautor
_91434
245 1 0 _a Historia social de la dominación haitiana (1822-1844) /
_cOlivier Batista Lemaire
260 _a Santo Domingo :
_bAcademia Dominicana de la Historia : Archivo General de la Nación,
_c2025
300 _a497 páginas :
_bilustraciones, fotografías
490 _a Archivo General de la Nación ;
_v 171
490 _aAcademia Dominicana de la Historia ;
_v540
505 _aCapítulo 1. La invasión de Toussaint Louverture a Santo Domingo: dictadura agraria y rechazo | Capítulo 2. Jean Pierre Boyer y el grupo socioétnico mulato: biografía social y contexto político-militar | Capítulo 3. El poder militar haitiano y la relegación social de los hispano-dominicanos | Capítulo 4. Acciones de resistencia y protestas de los hispano-dominicanos contra las arbitrariedades y vejámenes militares | Capítulo 5. La élite civil hispano-dominicana: posiciones sociales ancilares y/o exilio protestatario | Capítulo 6. La cuestión esclava: de la abolición de la esclavitud a la servidumbre | Capítulo 7. La Ley del 8 de julio de 1824: expropiaciones y resistencia popular hispano-dominicana. Capítulo 8. La repartición de tierras por Jean Pierre Boyer: de la ficción a la realidad | Capítulo 9. El código rural de 1826: una opción coercitiva para aumentar la producción |
650 7 _2lemb
_aHistoria
_zRepública Dominicana
_9198254
651 7 _2lemb
_aRepública Dominicana
_xHistoria
_yOcupación haitiana, 1822-1844
_9198251
942 _2ddc
_cBK
999 _c114027
_d114027